Television and video in libraries and schools /
Saved in:
| Main Author: | |
|---|---|
| Format: | Book |
| Language: | English |
| Published: |
Hamden, CT :
Library Professional Publications,
1983.
|
| Subjects: | |
| Tags: |
Add Tag
No Tags, Be the first to tag this record!
|
| LEADER | 01154nam a22003258a 4500 | ||
|---|---|---|---|
| 001 | 001075441-5 | ||
| 005 | 20020606090541.3 | ||
| 008 | 821202s1983 ctu b 00110 eng | ||
| 010 | |a 82023957 | ||
| 020 | |a 020801859X | ||
| 020 | |a 0208018603 (pbk.) | ||
| 035 | 0 | |a ocm09083324 | |
| 040 | |a DLC |c DLC | ||
| 050 | 0 | 0 | |a Z716.8 |b .G67 1983 |
| 100 | 1 | |a Gothberg, Helen M. | |
| 245 | 1 | 0 | |a Television and video in libraries and schools / |c Helen M. Gothberg. |
| 260 | 0 | |a Hamden, CT : |b Library Professional Publications, |c 1983. | |
| 300 | |a 246 p. : |b ill. ; |c 23 cm. | ||
| 504 | |a Includes bibliographical references and index. | ||
| 650 | 0 | |a Libraries and television. | |
| 650 | 0 | |a Video tape recorders. | |
| 650 | 0 | |a Television in education. | |
| 650 | 0 | |a Video tapes in education. | |
| 650 | 0 | |a Video recording. | |
| 650 | 0 | |a Libraries |x Special collections. | |
| 650 | 0 | |a Audio-visual library service. | |
| 655 | 7 | |a Video recordings. |2 fast | |
| 776 | 0 | 8 | |i Online version: |a Gothberg, Helen M. |t Television and video in libraries and schools. |d Hamden, Conn. : Library Professional Publications, 1983 |w (OCoLC)558229762 |
| 988 | |a 20020608 | ||
| 906 | |0 DLC | ||


